A companion to the history of the English language / (Record no. 39157)
[ view plain ]
| 000 -LEADER | |
|---|---|
| fixed length control field | 00846cam a2200253 a 4500 |
| 005 - DATE AND TIME OF LATEST TRANSACTION | |
| control field | 20140429111555.0 |
| 008 - FIXED-LENGTH DATA ELEMENTS--GENERAL INFORMATION | |
| fixed length control field | 111101r20112008enka 000 0 eng |
| 010 ## - LIBRARY OF CONGRESS CONTROL NUMBER | |
| LC control number | 2011456607 |
| 020 ## - ISBN | অাই এস বি এন | |
| ISBN | অাই এস বি এন | 9780470657935 (pbk.) |
| PRICE | 3462 |
| 040 ## - CATALOGING SOURCE | |
| Original cataloging agency | DLC |
| Transcribing agency | DLC |
| 082 00 - DDC | ডিউই | |
| Classification number | বর্গসংখ্যা | 420.9 |
| Book Number | গ্রন্থাঙ্ক | MOM |
| 245 02 - TITLE STATEMENT | অাখ্যা বিবরণী | |
| Title | অাখ্যা | A companion to the history of the English language / |
| Statement of responsibility | লেখকের দায়িত্বের বিবরণ | edited by Haruko Momma and Michael Matto. |
| 260 ## - IMPRINT | প্রকাশনা ক্ষেত্র | |
| Place of publication | প্রকাশ স্থান | Oxford ; |
| -- | Malden, Mass. : |
| Name of publisher | প্রকাশকের নাম | Wiley-Blackwell, |
| Date of publication | প্রকাশ কাল | 2011. |
| 300 ## - PHYSICAL DESCRIPTION | | |
| Page / Vol. No | পৃষ্ঠা / খন্ড সংখ্যা | xxxiii, 690 p. : |
| Other physical details | অনান্য বাহ্যিক বিবরণ | ill., maps ; |
| 500 ## - GENERAL NOTE | সাধারণ টীকা | |
| General note | সাধারণ টীকা | Originally published: 2008. |
| 504 ## - BIBLIOGRAPHY, ETC. NOTE | |
| Bibliography, etc | Includes index |
| 650 #0 - SUBJECT ADDED ENTRY--TOPICAL TERM | বিষয় শিরোনাম - মূল বিষয় | |
| Topical term | মূল বিষয় | English language |
| General subdivision | সাধারণ বিভাগ | History. |
| 700 1# - ADDED ENTRY--PERSONAL NAME | অতিরিক্ত সংলেখ - ব্ | |
| Personal name | ব্যাক্তিনাম | Momma, Haruko |
| Relator code | দায়িত্ব নির্দেশক | ed. |
| 700 1# - ADDED ENTRY--PERSONAL NAME | অতিরিক্ত সংলেখ - ব্ | |
| Personal name | ব্যাক্তিনাম | Matto, Michael. |
| Relator code | দায়িত্ব নির্দেশক | ed. |
| 850 ## - HOLDING INSTITUTION | |
| Holding institution | LCLIB |
| 942 ## - ADDED ENTRY ELEMENTS (KOHA) | |
| Koha item type | Books |
| 906 ## - LOCAL DATA ELEMENT F, LDF (RLIN) | |
| a | 7 |
| b | cbc |
| c | origres |
| d | 2 |
| e | ncip |
| f | 20 |
| g | y-gencatlg |
| Withdrawn status | Lost status | Source of classification | Damaged status | Not for loan | Home library | Current library | Shelving location | Date acquired | Price | Total Checkouts | Full call number | Accession No. | Date last seen | Price effective from | Koha item type |
|---|---|---|---|---|---|---|---|---|---|---|---|---|---|---|---|
| Dewey Decimal Classification | Loreto College | Loreto College | Press(Special) | 24/04/2014 | 0.00 | 420.9 MOM 50496 | 42571 | 24/04/2014 | 24/04/2014 | Books |